[Event "Avoine op 20th"]
[Site "Avoine"]
[Date "2005.07.26"]
[Round "4"]
[White "Krauss, David"]
[Black "Gendre, Jean Claude"]
[Result "1/2-1/2"]
[WhiteElo "1630"]
[BlackElo "1830"]
[PlyCount "126"]
[EventDate "2005.07.23"]
[EventType "swiss"]
[EventRounds "9"]
[EventCountry "FRA"]
[SourceTitle "EXT 2007"]
[Source "ChessBase"]
[SourceDate "2006.11.23"]
[SourceVersion "1"]
[SourceVersionDate "2006.11.23"]
[SourceQuality "1"]

1. e4 c6 2. d4 d5 3. Nc3 dxe4 4. Nxe4 Bf5 5. Ng3 Bg6 6. Nf3 Nd7 7. Bd3 Bxd3 8. Qxd3 Ngf6 9. Be3 e6 10. 0-0 c5 11. Rad1 Qc7 12. dxc5 Bxc5 13. Bxc5 Nxc5 14. Qc3 Rc8 15. Rd4 Nd5 16. Qe1 Qe7 17. Qe2 g6 18. Re1 Nc7 19. Qe5 f6 20. Qe3 e5 21. Rc4 Nd5 22. Qd2 Nb6 23. Rd4 0-0 24. Qb4 Qc7 25. Rd2 Rfd8 26. Red1 Nbd7 27. Qc4+ Kg7 28. Qg4 Kf7 29. Qc4+ Ne6 30. Qxc7 Rxc7 31. Ne4 Ke7 32. c3 f5 33. Neg5 e4 34. Nxe6 Kxe6 35. Ng5+ Kf6 36. Nxh7+ Ke7 37. Ng5 Rcc8 38. Nf7 Kxf7 39. Rxd7+ Ke8 40. Rxd8+ Rxd8 41. Rxd8+ Kxd8 42. Kf1 Kd7 43. Ke2 Ke6 44. f3 Ke5 45. fxe4 Kxe4 46. a4 a5 47. b4 axb4 48. cxb4 Kd4 49. Kf3 Kc4 50. b5 Kb4 51. Kf4 Kxa4 52. b6 Kb5 53. Kg5 Kxb6 54. Kxg6 Kc5 55. h4 b5 56. h5 b4 57. h6 b3 58. h7 b2 59. h8Q b1Q 60. Qc8+ Kd6 61. Qxf5 Qb3 62. Qf8+ Ke5 63. Qf6+ Ke4 1/2-1/2

[Event "Avoine op 20th"]
[Site "Avoine"]
[Date "2005.07.24"]
[Round "2"]
[White "Gendre, Jean Claude"]
[Black "Marchadour, Emilie"]
[Result "0-1"]
[WhiteElo "1830"]
[BlackElo "2040"]
[PlyCount "28"]
[EventDate "2005.07.23"]
[EventType "swiss"]
[EventRounds "9"]
[EventCountry "FRA"]
[SourceTitle "EXT 2007"]
[Source "ChessBase"]
[SourceDate "2006.11.23"]
[SourceVersion "1"]
[SourceVersionDate "2006.11.23"]
[SourceQuality "1"]

1. d4 Nf6 2. c4 c5 3. d5 b5 4. cxb5 a6 5. b6 Qxb6 6. Nc3 g6 7. e4 d6 8. Bd3 Bg7 9. Qc2 0-0 10. Nge2 Nfd7 11. f4 a5 12. Be3 Ba6 13. Rb1 Qb7 14. 0-0 c4 0-1